| 000 | 00979nam a2200229Ia 4500 | ||
|---|---|---|---|
| 999 |
_c39195 _d39195 |
||
| 001 | 5780 | ||
| 003 | GE_BSU | ||
| 005 | 20190426001438.0 | ||
| 008 | 181216s1968||||ge |||||||||||||| ||geo|| | ||
| 040 | _cGE_BSU | ||
| 041 | _ageo | ||
| 080 | _a624.012.4 ნ-67 | ||
| 100 |
_aნინუა, ნ. _9402 |
||
| 245 |
_aრკინაბეტონის კონსტრუქციების მოკლე კურსი I ნაწ. : _bლექციების კონსპექტი / _cნ. ნინუა ; რედ. დ. მირიმანოვი. |
||
| 260 | _aთბ. | ||
| 264 |
_aთბილისი : _bსპი ; _c1968. |
||
| 300 |
_a93 გვ. : _bნახაზები ; _c20 სმ. |
||
| 504 | _aბიბლიოგრ. : გვ. 91. | ||
| 653 | _aრკინაბეტონის კონსტრუქციები | ||
| 700 |
_aმირიმანოვი, დ. _eრედაქტორი _9491 |
||
| 942 |
_cBK _2udc |
||